logo

Bir Sreshtho Munshi Abdur Rouf Library
Jhenaidah Cadet College

Under the red robe / (Record no. 8380)

MARC details
000 -LEADER
fixed length control field 00757cam a22002531 4500
001 - CONTROL NUMBER
JCCL Control Number 8380
003 - CONTROL NUMBER IDENTIFIER
JCCL marc code BD-JhCC
005 - DATE AND TIME OF LATEST TRANSACTION
control field 20180925083331.0
008 - FIXED-LENGTH DATA ELEMENTS--GENERAL INFORMATION
fixed length control field 900612s1908 enk 000 0 eng
035 ## - SYSTEM CONTROL NUMBER
system control number (BD-JhCC)8380
035 ## - SYSTEM CONTROL NUMBER
system control number (OCoLC)21782489
040 ## - CATALOGING SOURCE
Original cataloging agency DLC
Transcribing agency SdU
Modifying agency DLC
-- BD-JhCC
041 ## - LANGUAGE CODE
Language code of Book eng
050 00 - LIBRARY OF CONGRESS CALL NUMBER
Classification number PZ3.W547
Item number Un6
Classification number PR6045.E95
082 ## - DEWEY DECIMAL CLASSIFICATION NUMBER
Author mark and Year WEY 1908
Classification number 843.4
100 1# - MAIN ENTRY--PERSONAL NAME
Personal name Weyman, Stanley John,
Dates associated with a name 1855-1928.
245 10 - TITLE STATEMENT
Title Under the red robe /
Statement of responsibility, etc by Stanley J. Weyman; with twelve illustrations by R. Caton Woodville.
250 ## - EDITION STATEMENT
Edition statement 22d ed.
260 ## - PUBLICATION, DISTRIBUTION, ETC. (IMPRINT)
Place of publication, distribution, etc London,
Name of publisher, distributor, etc Methuen & Co.
Date of publication, distribution, etc [1908]
300 ## - PHYSICAL DESCRIPTION
Pagination vi p., 1 l., 357, [1] p.
Dimensions 20 cm.
651 #0 - SUBJECT ADDED ENTRY--GEOGRAPHIC NAME
Geographic name France
General subdivision History
Chronological subdivision Louis XIII, 1610-1643
General subdivision Fiction.
942 ## - ADDED ENTRY ELEMENTS (KOHA)
Source of classification or shelving scheme Dewey Decimal Classification
Koha item type Books
Holdings
Source of classification or shelving scheme Damaged status Not for loan Home library Current library Shelving location Date of accession Total Checkouts Full call number Barcode Date last seen Date checked out Copy number Koha item type
Dewey Decimal Classification     JCC Rouf Library JCC Rouf Library General Stacks 08/25/2024 1 843.4 WEY 1908 9309 09/08/2024 08/25/2024 C - 1 Books

JCC Library | Contacts | JCC Home

Last Update on 23 September 2017
Copyright @ 2017-2020 JCC Rouf Library
Rouf Library, Jhenidah Cadet College (JCC), Bangladesh